000 00697nam a2200205Ii 4500
003 JO-AjNU
008 230605s9999||||xx |||||||||||||| ||und||
040 _aJO-AjNU
_bara
_erda
_cJO-AjNU
041 _aara
050 1 4 _aRD559 1986
100 3 _aالنماس ، احمد فايز ,
_eauthor
_99532
245 0 0 _aهندسة الاطراف الصناعية والاجهزة المعوضة والتقويمية
250 _aط1
264 3 1 _aالاسكندرية:مطبعة الاشعاع ، 1996
300 _a95ص
336 _atext
_btxt
_2rdacontent
337 _aunmediated
_bn
_2rdamedia
338 _avolume
_bnc
_2rdacarrier
650 4 _aهندسة الاطراف الصناعية
_99533
999 _aA1349
_c4917
_d4917